Famous Pigs and Horses Quiz Stats

 Plays Quiz Updated Dec 11, 2012

Score 0/20 Timer 06:00
4 Plays Today
Hint Answer % Correct
Winnie-the-Pooh's closest friendPiglet
90.3%
Sow from the Muppets who refers to
herself as 'moi'
Miss Piggy
86.6%
'Th-th-th-that's all folks!'Porky Pig
84.5%
Winged horse in Greek mythology, once used as Mobil gas logoPegasus
78.9%
The Gallant Pig; and subsequently 'Pig in the City'Babe
78.4%
'I'm a talking horse, of course!'Mister Ed
70.2%
Title character in Anna Sewell's first & last novelBlack Beauty
64.5%
Climbing pig that made his debut in 'The Simpsons Movie'Spider-Pig
58.5%
The Lone Ranger's faithful steedSilver
57.9%
Rambunctious runt saved by eight-year old Fern in E.B. White's 'Charlotte's Web'Wilbur
56.6%
Hint Answer % Correct
Timon's warthog sidekickPumbaa
54.1%
1973 Triple Crown winner & subject of a 2010 Disney movieSecretariat
46.5%
Piggy bank in 'Toy Story'Hamm
42.1%
Gumby's sidekickPokey
39.9%
Woody's horse in the 'Toy Story' franchiseBullseye
39.2%
Main villain in Animal FarmNapoleon
35.9%
Longtime co-star of actor-singer Roy RogersTrigger
32%
Horse in 'Lord of the Rings' that only Gandalf can rideShadowfax
31.3%
The Ziffels' pet in 'Green Acres'Arnold
25.4%
This legendary 1920 racehorse was NOT named for a type of British warshipMan o' War
19.6%

You're not logged in!

Compare scores with friends on all Sporcle quizzes.
OR
Log In

Show Comments

Extras

Top Quizzes Today


Score Distribution

Your Account Isn't Verified!

In order to create a playlist on Sporcle, you need to verify the email address you used during registration. Go to your Sporcle Settings to finish the process.

Report this User

Report this user for behavior that violates our Community Guidelines.

Details: